| 000 | 01306pam a2200289 a 4500 | ||
|---|---|---|---|
| 999 |
_c7851 _d7851 |
||
| 001 | 4800136 | ||
| 003 | GBCCL | ||
| 005 | 20241126110638.0 | ||
| 008 | 880217s1988 enk b 000 0 eng | ||
| 010 | _a 88000772 | ||
| 040 |
_aDLC _cDLC _dDLC |
||
| 050 | 0 | 0 |
_aBS2805.3 _b.S74 1988 |
| 082 | 0 | 0 |
_a225.7 _219 _bTYN |
| 100 | 1 |
_aStott, John R. W. _9325 |
|
| 245 | 1 | 4 |
_aThe epistles of John : _ban introduction and commentary / _cby John R.W. Stott. |
| 250 | _a2nd ed. | ||
| 260 |
_aLondon : _bTyndale Press ; _c1964 |
||
| 300 |
_a230 p. ; _c20 cm. |
||
| 440 | 4 |
_aThe Tyndale New Testament commentaries ; _v19 _913694 |
|
| 500 | _aRev. ed. of: The Epistles of John. 1964. | ||
| 504 | _aIncudes bibliographical references. | ||
| 505 | _av.1 Matthew.-- v.2 Mark.-- v.3 Luke.-- v.4 John.-- v.5 Acts.-- v.6 Romans.-- v.7 I Corinthians.-- v.8 II Corinthians.-- v.9 Galatians.-- v.10 Ephesians.-- v.11 Philippians.-- v.12 Colossians and Philemon.-- v.13 I,II Thessalonians.-- v.14 Pastoral Epistles.-- v.15 Hebrews.-- v.16 James.-- v.17 I Peter.-- v.18 II Peter, Jude.-- v.19 I, II,III John.-- v.20 Revelation. | ||
| 630 | 0 | 0 |
_aBible. _pEpistles of John _xCommentaries. _98594 |
| 700 | 1 |
_aStott, John R. W. _tEpistles of John. _913699 |
|
| 906 |
_a7 _bcbc _corignew _d1 _eocip _f19 _gy-gencatlg |
||
| 942 |
_2ddc _cBK _03 |
||